Statistics for Most Popular Xbox Games 2023

Click here to take the quiz!

General Stats

  • This quiz has been taken 42 times
  • The average score is 8 of 20

Answer Stats

PlacePublisherGame% Correct
1.Epic GamesFortnite
97%
5.Roblox CorporationRoblox
84%
2.Activision PublishingCall of Duty: Modern Warfare
81%
6.Mojang StudiosMinecraft
81%
3.2KNBA 2K24
73%
4.Rockstar GamesGrand Theft Auto V
70%
8.PsyonixRocket League
54%
18.Electronic ArtsFIFA 23
38%
10.Electronic ArtsApex Legends
32%
12.Xbox Game StudiosHalo: Infinite
30%
9.Bethesda SoftworksStarfield
30%
7.UbisoftTom Clancy's Rainbow Six: Siege
27%
17.BungieDestiny 2
22%
16.Xbox Game StudiosForza Horizon 5
16%
13.Xbox Game StudiosForza Motorsport
14%
11.Electronic ArtsEA Sports FC 24
3%
19.Electronic ArtsMadden NFL 23
3%
14.Electronic ArtsMadden NFL 24
3%
20.Source TechnologyParty Animals
3%
15.Blizzard EntertainmentOverwatch 1 & 2
0%

Score Distribution

Percentile by Number Answered

Percent of People with Each Score

Your Score History

You have not taken this quiz